Countries of the World Quiz - Full English Names - Statistics

General Stats
  • This quiz has been taken 612 times
  • The average score is 51 of 196
Answers on the Map
Answers color-coded by a green-red scale on the quiz's map according to % correct below.
 
Answer Stats
Country % Correct
United States of America
93%
Canada
86%
People's Republic of China
58%
Iceland
52%
Japan
52%
Russian Federation
52%
United Kingdom of Great Britain and Northern Ireland
50%
Kingdom of Denmark
49%
Ireland
48%
Kingdom of Norway
48%
Kingdom of Sweden
48%
Kingdom of Spain
47%
Republic of the Congo
45%
Democratic Republic of the Congo
44%
Republic of China
43%
Republic of Korea
42%
French Republic
41%
New Zealand
41%
United Arab Emirates
41%
Czech Republic
40%
Dominican Republic
40%
Kingdom of Saudi Arabia
39%
Republic of Finland
39%
Republic of Poland
39%
Ukraine
39%
Kingdom of Belgium
38%
Democratic People's Republic of Korea
37%
Mongolia
37%
Republic of India
37%
Central African Republic
36%
Kingdom of the Netherlands
36%
Republic of Chile
36%
Republic of Colombia
36%
Republic of Estonia
36%
Republic of Latvia
36%
Republic of Lithuania
36%
Republic of Panama
36%
Republic of Turkey
36%
Republic of Costa Rica
35%
Republic of Peru
35%
Republic of South Africa
35%
Republic of Austria
34%
Republic of Ecuador
34%
Republic of Guatemala
34%
Republic of Albania
33%
Republic of Belarus
33%
Republic of Bulgaria
33%
Republic of El Salvador
33%
Republic of Honduras
33%
Republic of Nicaragua
33%
Republic of Serbia
33%
Republic of Slovenia
33%
Italian Republic
32%
Kingdom of Thailand
32%
Republic of Croatia
32%
Republic of Moldova
32%
Republic of Paraguay
32%
Federated States of Micronesia
31%
Republic of Cuba
31%
Republic of Haiti
31%
Republic of Indonesia
31%
Republic of Kosovo
31%
Republic of Niger
31%
Romania
31%
Bosnia and Herzegovina
30%
Islamic Republic of Iran
30%
Jamaica
30%
Kingdom of Morocco
30%
Republic of Angola
30%
Republic of Kazakhstan
30%
Republic of Mali
30%
Republic of North Macedonia
30%
Republic of Suriname
30%
Republic of Armenia
29%
Republic of Chad
29%
Republic of Kenya
29%
Republic of Namibia
29%
Republic of South Sudan
29%
Republic of Zambia
29%
Republic of Zimbabwe
29%
Republic of Azerbaijan
28%
Republic of Botswana
28%
Republic of Cyprus
28%
Republic of Madagascar
28%
Republic of Malta
28%
Republic of Mozambique
28%
Republic of Tajikistan
28%
Republic of Turkmenistan
28%
Republic of Uganda
28%
Republic of Uzbekistan
28%
Belize
27%
Hungary
27%
Republic of Ghana
27%
Republic of Iraq
27%
Republic of Senegal
27%
Republic of Tunisia
27%
Antigua and Barbuda
26%
Republic of Benin
26%
Republic of Burundi
26%
Republic of Djibouti
26%
Republic of Guinea
26%
Republic of Malawi
26%
Republic of Rwanda
26%
United Mexican States
26%
Kingdom of Bhutan
25%
Portuguese Republic
25%
Republic of Cameroon
25%
Republic of Liberia
25%
Republic of Sierra Leone
25%
Republic of the Philippines
25%
Federal Republic of Germany
24%
Kingdom of Eswatini
24%
Republic of Guinea-Bissau
24%
Republic of San Marino
24%
Republic of Yemen
24%
Solomon Islands
24%
Commonwealth of Australia
23%
Georgia
23%
Grand Duchy of Luxembourg
23%
Montenegro
23%
Principality of Monaco
23%
Slovak Republic
23%
Swiss Confederation
23%
Barbados
22%
Hellenic Republic
22%
Kingdom of Lesotho
22%
Republic of Equatorial Guinea
22%
Republic of Fiji
22%
Malaysia
21%
Principality of Andorra
21%
Republic of Mauritius
21%
Republic of Singapore
21%
Saint Lucia
21%
Sultanate of Oman
21%
Republic of Nauru
20%
Republic of Palau
20%
Republic of Vanuatu
20%
Saint Vincent and the Grenadines
20%
Grenada
19%
Islamic Republic of Pakistan
19%
Kingdom of Bahrain
19%
Principality of Liechtenstein
19%
Republic of Kiribati
19%
Republic of Seychelles
19%
Argentine Republic
18%
Kingdom of Cambodia
18%
Kingdom of Tonga
18%
Republic of The Gambia
18%
Republic of Trinidad and Tobago
18%
Burkina Faso
17%
Tuvalu
17%
State of Israel
16%
Arab Republic of Egypt
15%
Bolivarian Republic of Venezuela
15%
Republic of Maldives
14%
Republic of the Marshall Islands
14%
Commonwealth of The Bahamas
13%
Hashemite Kingdom of Jordan
13%
Republic of Côte d'Ivoire
13%
Federative Republic of Brazil
12%
Islamic Emirate of Afghanistan
12%
Oriental Republic of Uruguay
12%
Kyrgyz Republic
11%
Plurinational State of Bolivia
11%
Socialist Republic of Vietnam
11%
Syrian Arab Republic
11%
Republic of Cabo Verde
10%
Commonwealth of Dominica
9%
State of Kuwait
9%
State of Qatar
9%
Co-operative Republic of Guyana
8%
Gabonese Republic
8%
Islamic Republic of Mauritania
8%
Republic of the Sudan
8%
Lebanese Republic
7%
People's Democratic Republic of Algeria
7%
People's Republic of Bangladesh
7%
State of Eritrea
7%
State of Libya
7%
Togolese Republic
7%
United Republic of Tanzania
7%
Vatican City State
7%
Federal Republic of Nigeria
6%
Lao People's Democratic Republic
6%
Democratic Socialist Republic of Sri Lanka
5%
Federal Democratic Republic of Ethiopia
5%
Federal Republic of Somalia
5%
Independent State of Papua New Guinea
5%
Independent State of Samoa
5%
Republic of the Union of Myanmar
5%
Union of the Comoros
5%
Democratic Republic of Timor-Leste
4%
Federal Democratic Republic of Nepal
4%
Federation of Saint Christopher and Nevis
4%
Democratic Republic of São Tomé and Príncipe
3%
Nation of Brunei, the Abode of Peace
3%
No matching quizzes found
Score Distribution
Percent of People with Each Score
Percentile by Number Answered
Your Score History
You have not taken this quiz